000 00714cam a2200217 4500
001 10363
005 20230410102143.0
008 060907n2001 dr spa
020 _a9993483931
035 _9funglode10446
041 _aspa
050 1 4 _a118 PQ 7409
_bC117m 2001
100 1 _aCabral, Manuel del,
_d1907-1999.
245 1 3 _aLa magia de lo permanente :
_bantología poética de Manuel del Cabral /
_cTomás Castro Burdiez [compilador].
260 _aSanto Domingo :
_bCiguapa,
_c2001
300 _a244 p. :
_bill. ;
_c22 cm.
600 1 0 _aCabral, Manuel del,
_d1907-1999
_xCriticism and interpretation.
650 4 _aLiteratura dominicana.
700 1 _aCastro Burdiez, Tomás
942 _2lcc
_cbk
999 _c20104
_d20104